Sobre la historia

محفوظ في:
التفاصيل البيبلوغرافية
المؤلف الرئيسي: Pomian, Krzysztof (autor)
التنسيق: كتاب
اللغة:الإسبانية
منشور في: Madrid Cátedra 2007
الطبعة:1a. ed
سلاسل:Historia. Serie Menor
الموضوعات:
الوسوم: إضافة وسم
لا توجد وسوم, كن أول من يضع وسما على هذه التسجيلة!

MARC

LEADER 00000nam a2200000 a 4500
001 UCI5667
003 CL-VaPUC
008 080404e20070000SP |||||||||||||||||spa|d
020 |a 9788437623986 
082 0 4 |a 901  |b POM  |2 21 
100 |a Pomian, Krzysztof  |e autor  |9 528213 
245 1 0 |a Sobre la historia 
250 |a 1a. ed 
300 |a 261 p 
942 |c BK 
945 |d 20080404 00:00:00  |a jtorresc 
260 |a Madrid  |b Cátedra  |c 2007 
650 0 |a Filosofía de la historia  |9 265651 
650 0 |a Historiografía   |9 257871 
650 0 |a Historia siglo 20  |9 255736 
583 |a last modification  |c 20160913 09:36:27  |k Rodrigo Vera 
490 0 |a Historia. Serie Menor 
999 |c 329388  |d 329386 
952 |0 0  |1 0  |4 0  |6 901_000000000000000_POM_2007  |7 0  |8 A  |9 413986  |a BIBHIS  |b BIBHIS  |d 2019-11-22  |i 4424018  |o 901 POM 2007  |p 4424018  |r 2025-01-20  |w 2019-11-22  |y BK  |k HIS